| 000 -LEADER |
| fixed length control field |
01966cam a2200385 i 4500 |
| 001 - CONTROL NUMBER |
| control field |
20594037 |
| 005 - DATE AND TIME OF LATEST TRANSACTION |
| control field |
20250428095943.0 |
| 008 - FIXED-LENGTH DATA ELEMENTS--GENERAL INFORMATION |
| fixed length control field |
180325s2018 ilua 001 0 eng c |
| 010 ## - LIBRARY OF CONGRESS CONTROL NUMBER |
| LC control number |
2017052250 |
| 020 ## - INTERNATIONAL STANDARD BOOK NUMBER |
| International Standard Book Number |
9780838915608 (print : alk. paper) |
|
| Canceled/invalid ISBN |
9780838916766 (ePub) |
|
| Canceled/invalid ISBN |
9780838916773 (PDF) |
|
| Canceled/invalid ISBN |
9780838916780 (Kindle) |
| 040 ## - CATALOGING SOURCE |
| Original cataloging agency |
LBSOR/DLC |
| Language of cataloging |
eng |
| Transcribing agency |
LBSOR |
| Description conventions |
rda |
| Modifying agency |
DLC |
| 042 ## - AUTHENTICATION CODE |
| Authentication code |
pcc |
| 050 00 - LIBRARY OF CONGRESS CALL NUMBER |
| Classification number |
Z683.2.U6 |
| Item number |
S26 2018 |
| 082 00 - DEWEY DECIMAL CLASSIFICATION NUMBER |
| Classification number |
025.11 |
| Edition number |
23 |
| 100 1# - MAIN ENTRY--PERSONAL NAME |
| Personal name |
Sannwald, William W., |
| Relator term |
author. |
| 9 (RLIN) |
5386 |
| 245 10 - TITLE STATEMENT |
| Title |
Financial management for libraries / |
| Statement of responsibility, etc. |
William W. Sannwald. |
| 264 #1 - PRODUCTION, PUBLICATION, DISTRIBUTION, MANUFACTURE, AND COPYRIGHT NOTICE |
| Place of production, publication, distribution, manufacture |
Chicago : |
| Name of producer, publisher, distributor, manufacturer |
ALA Neal-Schuman, |
| Date of production, publication, distribution, manufacture, or copyright notice |
2018. |
| 300 ## - PHYSICAL DESCRIPTION |
| Extent |
xiv, 199 pages : |
| Other physical details |
illustrations ; |
| Dimensions |
28 cm. |
| 336 ## - CONTENT TYPE |
| Content type term |
text |
| Content type code |
txt |
| Source |
rdacontent |
| 337 ## - MEDIA TYPE |
| Media type term |
unmediated |
| Media type code |
n |
| Source |
rdamedia |
| 338 ## - CARRIER TYPE |
| Carrier type term |
volume |
| Carrier type code |
nc |
| Source |
rdacarrier |
| 500 ## - GENERAL NOTE |
| General note |
Includes index. |
| 505 0# - FORMATTED CONTENTS NOTE |
| Formatted contents note |
Introduction to budgeting and strategic planning -- Accounting concepts -- Library budget development process and participants -- Library performance measures and operating ratios -- Types of budgets -- Funding sources -- Capital budgets -- Approval and control -- Budgetary categories, comparisons, forms, and the balanced scorecard. |
| 520 ## - SUMMARY, ETC. |
| Summary, etc. |
"Presenting financial management principles and best practices applicable to both public and academic libraries, this comprehensive text elucidates a broad array of issues crucial for those entering a managerial position. This book covers such key topics as accounting, budgets, the roles of stakeholders, funding sources, operating ratios, fiscal benchmarking, and more"-- |
| Assigning source |
Provided by publisher. |
| 650 #0 - SUBJECT ADDED ENTRY--TOPICAL TERM |
| Topical term or geographic name entry element |
Library finance |
| Geographic subdivision |
United States. |
| 9 (RLIN) |
5387 |
|
| Topical term or geographic name entry element |
Libraries |
| General subdivision |
Accounting. |
| 9 (RLIN) |
5388 |
|
| Topical term or geographic name entry element |
Library materials budgets. |
| 9 (RLIN) |
5389 |
|
| Topical term or geographic name entry element |
Library planning. |
| 9 (RLIN) |
5390 |
| 906 ## - LOCAL DATA ELEMENT F, LDF (RLIN) |
| a |
7 |
| b |
cbc |
| c |
orignew |
| d |
1 |
| e |
ecip |
| f |
20 |
| g |
y-gencatlg |
| 942 ## - ADDED ENTRY ELEMENTS (KOHA) |
| Source of classification or shelving scheme |
|
| Koha item type |
Books (Long term) |